[Event "Cairns Cup 2019"]
[Site "Saint Louis"]
[Date "2019.02.06"]
[Round "1.1"]
[White "Paehtz, Elisabeth"]
[Black "Kosteniuk, Alexandra"]
[Result "0-1"]
[WhiteElo "2466"]
[BlackElo "2532"]
[Annotator "TA"]
[PlyCount "72"]
[EventDate "2019.02.06"]
[EventType "tourn"]
[EventCountry "USA"]
[SourceTitle "playchess.com"]
[Source "ChessBase"]
[SourceQuality "1"]

{[%evp 18,72,34,22,29,22,31,25,33,12,0,17,97,92,72,70,91,99,86,69,82,51,52,41,92,13,19,15,21,16,17,22,78,0,0,-3,16,-8,-13,-106,-107,-433,-420,-421,-396,-1333,-1329,-4886,-3217,-6295,-6195,-5365,-826,-29994,-29995,-29995,-29996]} 1. d4 ({Predecessor:} 1. c4 g6 2. Nf3 Bg7 3. d4 Nf6 4. g3 O-O 5. Bg2 c5 6. d5 e6 7. O-O exd5 8. cxd5 d6 {½-½ (48) Klein,D (2491)-Bok,B (2620) Belgium 2017}) 1... Nf6 2. c4 e6 $146 (2... g6 3. g3 c5 4. d5 Bg7 5. Nc3 O-O 6. Bg2 d6 7. Nf3 e6 8. O-O exd5 {½-½ (29) Tomashevsky,E (2702)-Svidler,P (2763) Palma de Mallorca 2017}) 3. g3 c5 4. d5 exd5 5. cxd5 d6 6. Nc3 g6 7. Bg2 Bg7 8. Nf3 O-O 9. O-O Re8 10. Bf4 h6 {A62: Modern Benoni: Fianchetto Variation without early ...Nbd7} (10... Bf5 11. Bg5 h6 12. Bxf6 Bxf6 13. Nd2 Bc8 14. Nc4 Bxc3 15. bxc3 b5 16. Nd2 Nd7 17. Re1 a5 18. Qc2 {½-½ (29) Tomashevsky,E (2702)-Svidler,P (2763) Palma de Mallorca 2017}) 11. Re1 g5 12. Bd2 Bf5 {White has an edge.} 13. h4 g4 14. Nh2 Qb6 (14... Bg6 $11) ({Predecessor:} 14... h5 15. Bf4 a6 16. a4 Qc7 17. Nf1 Bg6 18. Nd2 {½-½ (48) Klein,D (2491)-Bok,B (2620) Belgium 2017}) 15. e4 $36 {[%mdl 2048] White is really pushing.} Bg6 16. e5 dxe5 17. Nxg4 Nxg4 18. Qxg4 f5 19. Qe2 Nd7 20. h5 {And now Na4 would win.} Bh7 (20... Bf7 $14) 21. g4 (21. Rac1 $16) 21... e4 $11 22. gxf5 Bxf5 23. Bf4 Nf6 24. d6 Kh7 (24... Qc6 $11) 25. Qd2 (25. Rad1 $16) 25... Qc6 26. Rad1 Rad8 27. Nd5 Nxh5 {Threatens to win with ...Bd4.} 28. Bh2 (28. Qc1 $1 $11 {remains equal.}) 28... Bd4 $1 $17 29. Ne7 $2 {[%mdl 8192] [#]} (29. Ne3 $17 {is a better chance.} Rg8 30. Qe2 (30. Nxf5 $2 Rxg2+ 31. Kxg2 e3+ 32. Kf1 Qh1+ 33. Ke2 Qxh2 $19)) 29... Rxe7 $1 $19 {[%mdl 576] Remove Defender} 30. dxe7 Rg8 {( -> ...Qg6)} 31. e8=Q $2 (31. Re3 Qg6 32. Bg3 Nxg3 33. fxg3 Qxg3 {[%mdl 64] Pin} 34. Rde1) 31... Qxe8 (31... Rxe8 $2 32. Kh1 $19) 32. Kh1 {[#]} Rxg2 $1 {[%mdl 512]} 33. Kxg2 Qg6+ 34. Bg3 Bg4 (34... Qg4 $142 35. Rh1 {[#]} e3 $1 {[%mdl 512]}) 35. Qc1 Bf3+ 36. Kh2 Nxg3 {Accuracy: White = 30%, Black = 59%.} 0-1

[Event "Cairns Cup 2019"]
[Site "Saint Louis"]
[Date "2019.02.06"]
[Round "1.2"]
[White "Dzagnidze, Nana"]
[Black "Krush, Irina"]
[Result "0-1"]
[WhiteElo "2513"]
[BlackElo "2435"]
[Annotator "TA"]
[PlyCount "138"]
[EventDate "2019.02.06"]
[EventType "tourn"]
[EventCountry "USA"]
[SourceTitle "playchess.com"]
[Source "ChessBase"]
[SourceQuality "1"]

{[%evp 9,138,0,0,0,10,-16,-9,-10,-12,-37,-39,-41,-30,-26,-34,-35,0,0,30,0,1,0,0,-8,-10,-53,-50,-51,-54,-50,-42,-47,-35,-56,-37,-67,-57,-64,-56,-50,-59,-58,-49,-59,-16,-20,-13,-63,-69,-72,-62,-63,-62,-73,-62,-70,-75,-124,-108,-110,-83,-99,-107,-100,-95,-99,-60,-58,-35,-68,-41,-143,-70,-114,-99,-109,-89,-74,-53,-53,-53,-53,-53,-53,-53,-54,-54,-54,-12,-20,0,-7,0,0,-19,-144,-47,-184,-181,-2933,-2921,-2033,-2007,-1436,-1372,-5081,-5073,-3749,-4762,-4770,-3785,-2308,-1256,-29975,-29975,-29973,-29975,-29985,-29986,-29987,-29988,-29988,-29989,-29990,-29989,-29989,-29990,-29991,-29992,-29993,-29994]} 1. c4 (1. Nf3 c5 {0-1 (41) Maghsoodloo,P (2688)-Mamedov,R (2703) St Petersburg 2018}) 1... c5 2. Nf3 Nc6 (2... g6 3. g3 Bg7 4. Bg2 Nc6 {0-1 (41) Maghsoodloo,P (2688)-Mamedov,R (2703) St Petersburg 2018}) 3. Nc3 g6 4. g3 Bg7 5. Bg2 e6 6. d3 {A37: Symmetrical English vs ...g6: 4 Bg2 Bg7 5 Nf3} (6. a3 Nge7 7. b4 d6 8. O-O O-O 9. Rb1 b6 10. e3 Bb7 11. d4 cxd4 12. exd4 Nf5 13. Ne2 Rc8 14. Bb2 d5 15. c5 Ba6 16. Re1 bxc5 17. dxc5 d4 18. Qa4 Bxe2 19. Rxe2 {0-1 (41) Maghsoodloo,P (2688)-Mamedov,R (2703) St Petersburg 2018}) 6... d5 $146 ({Predecessor:} 6... Nge7 7. Bg5 O-O 8. Qc1 d5 {1-0 (35) Goganov,A (2590)-Bronnikova,E (2257) Izhevsk 2014}) 7. Bg5 Nge7 8. O-O {The position is equal.} O-O 9. Qc1 d4 10. Na4 b6 ({Predecessor:} 10... f6 11. Bd2 b6 {1-0 (35) Goganov,A (2590)-Bronnikova,E (2257) Izhevsk 2014}) 11. a3 f6 12. Bd2 Qd6 ({Better is} 12... Qd7 $15) ({Predecessor:} 12... a5 13. b4 axb4 14. axb4 cxb4 {1-0 (35) Goganov,A (2590)-Bronnikova,E (2257) Izhevsk 2014}) 13. b4 $11 Rb8 ({Reject} 13... cxb4 $6 14. axb4 Rb8 15. b5 $16) 14. Rb1 Bd7 $1 15. Qc2 Rfc8 16. bxc5 bxc5 17. Rxb8 Rxb8 18. Rb1 Rxb1+ 19. Qxb1 Nd8 20. Qb3 Bf8 21. h4 Qc6 22. Qb8 Nc8 23. Nb2 {Ne5 is the strong threat.} Qb6 24. Qxb6 axb6 25. Ne1 Nc6 26. Nc2 Na5 27. Na1 $1 Bd6 28. a4 Bc7 29. Bxa5 bxa5 30. Nb3 Bb6 31. e3 e5 32. Bd5+ Kf8 33. e4 Ke7 34. Kg2 Kd6 35. Bb7 Ne7 36. f3 f5 37. Ba6 h6 38. Bb5 Be6 39. Nd1 Nc6 40. Nb2 ({White should play} 40. exf5 $15 gxf5 41. Nf2) 40... Nb4 (40... f4 $1 $17 41. Kf2 Bd8) 41. Nd2 Ke7 42. Kf2 Kf7 43. Nb3 h5 44. f4 $1 fxe4 45. dxe4 exf4 46. gxf4 Bg4 47. Nc1 Bc7 48. Kg3 Bc8 49. Nbd3 Bd6 50. Nxb4 cxb4 {[%mdl 4096] Endgame KBB-KBN} 51. Nb3 d3 {White must now prevent ...Bc5!} 52. Kf3 {[#]} (52. c5 $11 {was the only way to keep the balance.} d2 {[%mdl 64] Deflection} 53. Nxd2 Bxc5 54. Nc4) 52... Be7 (52... Bg4+ $1 $17 53. Ke3 {[#]} d2 $1 {[%mdl 512]} 54. Nxd2 Bc5+ 55. Kd3 Bd1) 53. Nxa5 (53. c5 $1 $15) 53... Bxh4 $19 {Strongly threatening ...Be1.} 54. Nc6 $2 (54. Ke3) 54... d2 55. Ke2 Be1 {( -> ...Bg4+)} 56. Ne5+ Kg7 57. a5 b3 {[%cal Bb4b3,Bb3b2][%mdl 32]} 58. Ba4 b2 59. Bc2 h4 60. f5 h3 61. Ng4 gxf5 {Black mates.} 62. exf5 Ba6 63. f6+ Kf7 64. Bd3 Bc8 65. Nh2 Kxf6 66. Kd1 Ba6 67. Ng4+ Kg5 68. Ne5 Kf4 69. c5 Kxe5 {Accuracy: White = 38%, Black = 67%.} 0-1

[Event "Cairns Cup 2019"]
[Site "Saint Louis"]
[Date "2019.02.06"]
[Round "1.3"]
[White "Gunina, Valentina"]
[Black "Khotenashvili, Bela"]
[Result "1-0"]
[WhiteElo "2501"]
[BlackElo "2491"]
[Annotator "TA"]
[PlyCount "95"]
[EventDate "2019.02.06"]
[EventType "tourn"]
[EventCountry "USA"]
[SourceTitle "playchess.com"]
[Source "ChessBase"]
[SourceQuality "1"]

{[%evp 20,95,21,16,22,15,16,16,16,11,7,18,25,24,18,28,20,18,51,38,58,33,97,66,78,81,75,77,172,163,197,158,252,265,234,243,214,165,265,264,254,222,279,261,336,254,374,298,428,412,404,381,308,115,526,518,916,620,572,310,687,688,666,681,677,672,590,666,656,658,635,620,625,624,6283,6211,29978,1375]} 1. e4 e5 2. Nf3 Nc6 3. Bb5 a6 (3... Nf6 4. d3 d6 5. O-O Be7 6. c3 O-O 7. Re1 a6 8. Ba4 Re8 {½-½ (25) Vachier Lagrave,M (2780)-Naiditsch,A (2721) Douglas 2018}) 4. Ba4 Nf6 5. O-O Be7 6. d3 d6 7. c3 O-O 8. Nbd2 Re8 9. Re1 Bf8 10. Nf1 h6 $146 ({Predecessor:} 10... b5 11. Bc2 h6 {½-½ (65) Sethuraman,S (2640)-Belov,V (2614) Berlin 2015}) 11. Ng3 b5 {C77: Ruy Lopez: 3...a6 4 Ba4 Nf6, unusual lines} 12. Bc2 (12. Bb3 Be6 13. Bxe6 Rxe6 14. a4 b4 15. d4 d5 16. dxe5 Nxe4 17. c4 Nxe5 18. cxd5 Nxf2 19. Kxf2 Ng4+ 20. Kf1 Rxe1+ 21. Qxe1 Qxd5 22. Qe4 Qd1+ 23. Qe1 Qd5 24. Qe4 Qd1+ 25. Qe1 {½-½ (25) Vachier Lagrave,M (2780)-Naiditsch,A (2721) Douglas 2018}) 12... d5 13. exd5 Qxd5 {The position is equal.} 14. d4 Bg4 15. Bb3 Qd7 {Black wants to play ...exd4.} 16. h3 Bxf3 17. Qxf3 exd4 {[#]} 18. Bxh6 $1 {[%mdl 512]} d3 (18... gxh6 19. Qxf6) 19. Bg5 Nh7 $1 (19... d2 $6 20. Red1 $16) 20. Bf4 {And now Bd5 would win.} (20. Be7 $5 Rxe7 21. Rxe7 Qxe7 22. Qxc6 $11) 20... Na5 ({Better is} 20... Rxe1+ $14 21. Rxe1 Rd8) 21. Bd5 Rxe1+ $1 22. Rxe1 Rd8 23. Be4 $1 Nc4 {[#]} (23... Nf6 $16 {keeps fighting.}) 24. b3 $1 $18 {[%cal Rb3c4]} Nb2 {Threatens to win with ...d2.} 25. Bd2 $36 {[%mdl 2048] White is in control.} Nf6 {[#]} (25... Ng5 $16 26. Bxg5 d2 27. Bxd2 Qxd2) 26. Bc6 $1 {[%cal Rc6d7]} Qd6 27. Nf5 Qc5 28. Bb7 a5 {[#]} (28... Re8 $142 29. Rxe8 (29. Bxa6 Rxe1+ 30. Bxe1 Qe5 $17) 29... Nxe8) 29. Nh6+ $1 {[%mdl 576] Deflection} gxh6 30. Qxf6 {[%mdl 64] Double Attack} Rd6 31. Qf3 c6 32. Re8 Rg6 (32... Qd5 $142 33. Qxd5 cxd5) 33. h4 Qd6 (33... Qd5 $142 34. Qxd5 cxd5 35. Bxd5 Kg7) 34. Bc8 Qd5 {...Qxf3 is the strong threat.} 35. Qh3 Qh5 {White must now prevent ...Qd1+.} 36. g4 $2 (36. Kh2 $18 {and White stays clearly on top. aiming for Bf5.} Nd1 37. Bf5 {[%mdl 64] Double Attack} Nxf2 38. Bxg6 fxg6 39. Qe6+ {[%mdl 64] Double Attack} Kg7 40. Qd7+ (40. Qxc6 Ng4+ 41. Kg3 Nf6 $18) 40... Kg8 41. Kg1 Qd1+ 42. Be1 (42. Kxf2 Qxd2+ 43. Kf3 Qd1+ 44. Kg3 d2 $18)) 36... Qd5 $2 {[%mdl 8192]} (36... f5 $16 {is tougher.} 37. Be6+ Kg7) 37. h5 Rf6 {[#]} (37... Rg5 $142 38. Qe3 Qd6) 38. g5 $1 {[%mdl 512]} hxg5 39. h6 {Intending h7+ and mate.} Qd6 $2 (39... Kh7) 40. h7+ Kh8 41. Bf5 Rh6 42. Qg3 Qxg3+ 43. fxg3 Kg7 {[#]} 44. Rxf8 $1 {[%mdl 512]} Kxf8 45. Bxg5 Rh5 {Hoping for ...Kg7.} 46. g4 Rxg5 47. h8=Q+ Ke7 48. Qh2 {Accuracy: White = 72%, Black = 41%.} (48. Qe5+ $142 Kf8 49. Qd6+ Kg7 50. Qd4+ Kg8 51. Qd8+ {[%mdl 64] Double Attack} Kg7 52. Qxg5+ Kf8 53. Qh6+ Ke7 54. Qh4+ Kf8 55. Qh8+ Ke7 56. Qe5+ Kf8 57. Qd6+ Kg7 58. g5) 1-0

[Event "Cairns Cup 2019"]
[Site "Saint Louis"]
[Date "2019.02.06"]
[Round "1.4"]
[White "Harika, Dronavalli"]
[Black "Sebag, Marie"]
[Result "1/2-1/2"]
[WhiteElo "2471"]
[BlackElo "2476"]
[Annotator "RC"]
[PlyCount "89"]
[EventDate "2019.02.06"]
[EventType "tourn"]
[EventCountry "USA"]
[SourceTitle "playchess.com"]
[Source "ChessBase"]
[SourceQuality "1"]
[TimeControl "40/5400+30:1800+30"]

1. e4 {[%emt 0:00:00]} c5 {[%emt 0:00:00]} 2. Nf3 {[%emt 0:00:00]} d6 {[%emt 0:00:00]} 3. Bb5+ {[%emt 0:00:00]} Nd7 {[%emt 0:00:02]} 4. O-O {[%emt 0:00:43]} a6 {[%emt 0:01:51]} 5. Bd3 {[%emt 0:00:11]} Ngf6 {[%emt 0:03:07]} 6. Re1 {[%emt 0:00:23]} e6 {[%emt 0:08:52]} 7. c3 {[%emt 0:00:31]} b5 {[%emt 0:09:09]} 8. Bc2 {[%emt 0:04:29]} c4 {[%emt 0:03:03]} 9. a4 {[%emt 0:00:26]} Bb7 {[%emt 0:04:43]} 10. d4 {[%emt 0:01:08]} cxd3 {[%emt 0:02:01]} 11. Qxd3 {[%emt 0:00:15]} Nc5 {[%emt 0:09:50]} 12. Qe2 {[%emt 0:00:23]} bxa4 {[%emt 0:00:37]} 13. e5 {[%emt 0:02:56]} dxe5 {[%emt 0:07:20]} 14. Nxe5 {[%emt 0:00:40]} Bd6 {[%emt 0:14:21]} 15. Nd2 {[%emt 0:11:14]} Bxe5 {[%emt 0:07:33]} 16. Qxe5 {[%emt 0:00:23]} Qd5 {[%emt 0:00:50]} 17. Qxd5 {[%emt 0:13:51]} Bxd5 {[%emt 0:06:10]} 18. Bxa4+ {[%emt 0:00:59]} Nxa4 {[%emt 0:00:53]} 19. Rxa4 {[%emt 0:00:07]} O-O {[%emt 0:00:58]} 20. Ra5 {[%emt 0:08:10]} Rfc8 {[%emt 0:02:57]} 21. Nf1 {[%emt 0:09:31]} Bb7 {[%emt 0:02:03]} 22. Be3 {[%emt 0:04:00]} Nd5 {[%emt 0:02:04]} 23. f3 {[%emt 0:02:18]} f6 {[%emt 0:03:24]} 24. Kf2 {[%emt 0:01:57]} e5 {[%emt 0:01:12]} 25. Nd2 {[%emt 0:01:37]} Rab8 {[%emt 0:00:48]} 26. Rea1 {[%emt 0:02:54]} Rd8 {[%emt 0:02:16]} 27. Rc5 {[%emt 0:05:08]} f5 {[%emt 0:02:41]} 28. Nc4 {[%emt 0:03:37]} f4 {[%emt 0:00:29]} 29. Bc1 {[%emt 0:01:37]} e4 {[%emt 0:00:38]} 30. fxe4 {[%emt 0:08:21]} Nf6 {[%emt 0:00:12]} 31. Ke1 {[%emt 0:01:09]} Nxe4 {[%emt 0:02:04]} 32. Re5 {[%emt 0:00:34]} g5 {[%emt 0:01:09]} 33. Nd2 {[%emt 0:04:48]} Re8 {[%emt 0:00:18]} 34. Raa5 {[%emt 0:01:16]} Nxd2 {[%emt 0:01:23]} 35. Bxd2 {[%emt 0:01:46]} h6 {[%emt 0:00:13]} 36. Kf2 {[%emt 0:01:51]} Rxe5 {[%emt 0:00:14]} 37. Rxe5 {[%emt 0:00:08]} Kf7 {[%emt 0:00:25]} 38. c4 {[%emt 0:02:44]} Re8 {[%emt 0:00:33]} 39. Rxe8 {[%emt 0:03:39]} Kxe8 {[%emt 0:00:04]} 40. h4 {[%emt 0:00:00]} Be4 {[%emt 0:00:00]} 41. hxg5 {[%emt 0:01:56]} hxg5 {[%emt 0:02:29]} 42. g3 {[%emt 0:00:03]} fxg3+ {[%emt 0:00:08]} 43. Kxg3 {[%emt 0:00:06]} Bd3 {[%emt 0:00:05]} 44. c5 {[%emt 0:00:05]} Kd7 {[%emt 0:00:13]} 45. Bxg5 {[%emt 0:00:09]} 1/2-1/2

[Event "Cairns Cup 2019"]
[Site "Saint Louis"]
[Date "2019.02.06"]
[Round "1.5"]
[White "Zatonskih, Anna"]
[Black "Abdumalik, Zhansaya"]
[Result "0-1"]
[WhiteElo "2428"]
[BlackElo "2468"]
[Annotator "ChessBase"]
[PlyCount "72"]
[EventDate "2019.02.06"]
[EventType "tourn"]
[EventCountry "USA"]
[SourceTitle "playchess.com"]
[Source "ChessBase"]
[SourceQuality "1"]
[TimeControl "40/5400+30:1800+30"]

1. d4 {[%emt 0:00:00]} Nf6 {[%emt 0:00:00]} 2. c4 {[%emt 0:00:00]} g6 {[%emt 0:00:00]} 3. Nc3 {[%emt 0:00:52]} d5 {[%emt 0:00:00]} 4. Bf4 {[%emt 0:00:30]} Bg7 {[%emt 0:02:16]} 5. e3 {[%emt 0:00:08]} O-O {[%emt 0:00:28]} 6. cxd5 {[%emt 0:00:20]} Nxd5 {[%emt 0:00:26]} 7. Nxd5 {[%emt 0:00:42]} Qxd5 {[%emt 0:00:03]} 8. Bxc7 {[%emt 0:00:30]} Na6 {[%emt 0:00:40]} 9. Bxa6 {[%emt 0:01:24]} Qxg2 {[%emt 0:00:14]} 10. Qf3 {[%emt 0:00:12]} Qxf3 {[%emt 0:00:07]} 11. Nxf3 {[%emt 0:00:06]} bxa6 {[%emt 0:00:05]} 12. Rc1 {[%emt 0:01:02]} f6 {[%emt 0:03:40]} 13. Rg1 {[%emt 0:15:10]} Rf7 {[%emt 0:05:06]} 14. b3 {[%emt 0:10:18]} Bb7 {[%emt 0:08:01]} 15. Ke2 {[%emt 0:06:29]} Re8 {[%emt 0:10:52]} 16. Rgd1 {[%emt 0:26:18]} e6 {[%emt 0:03:11]} 17. Bd6 {[%emt 0:11:09]} Rd7 {[%emt 0:08:53]} 18. Bc5 {[%emt 0:00:30]} g5 {[%emt 0:02:32]} 19. Nd2 {[%emt 0:00:46]} g4 {[%emt 0:07:45]} 20. Rg1 {[%emt 0:02:36]} h5 {[%emt 0:06:37]} 21. h3 {[%emt 0:04:25]} gxh3 {[%emt 0:08:31]} 22. e4 {[%emt 0:01:23]} e5 {[%emt 0:14:07]} 23. d5 {[%emt 0:00:18]} Rc7 {[%emt 0:02:13]} 24. b4 {[%emt 0:08:06]} a5 {[%emt 0:03:27]} 25. b5 {[%emt 0:02:39]} Rec8 {[%emt 0:03:01]} 26. d6 {[%emt 0:01:37]} Rd7 {[%emt 0:01:47]} 27. Bxa7 {[%emt 0:03:01]} Rxd6 {[%emt 0:04:26]} 28. Be3 {[%emt 0:00:20]} Rxc1 {[%emt 0:01:25]} 29. Rxc1 {[%emt 0:00:03]} f5 {[%emt 0:00:24]} 30. Nc4 {[%emt 0:02:51]} Rd8 {[%emt 0:02:30]} 31. f3 {[%emt 0:01:02]} fxe4 {[%emt 0:00:26]} 32. Nxa5 {[%emt 0:00:23]} exf3+ {[%emt 0:00:41]} 33. Kf2 {[%emt 0:00:05]} Be4 {[%emt 0:00:54]} 34. b6 {[%emt 0:01:06]} Bf6 {[%emt 0:00:52]} 35. Kg3 {[%emt 0:00:07]} Rd3 {[%emt 0:01:04]} 36. Rc4 {[%emt 0:00:55]} Rxe3 {[%emt 0:00:36]} 0-1

[Event "Cairns Cup 2019"]
[Site "Saint Louis"]
[Date "2019.02.07"]
[Round "2.1"]
[White "Krush, Irina"]
[Black "Gunina, Valentina"]
[Result "1/2-1/2"]
[WhiteElo "2435"]
[BlackElo "2501"]
[Annotator "ChessBase"]
[PlyCount "136"]
[EventDate "2019.02.06"]
[EventType "tourn"]
[EventCountry "USA"]
[SourceTitle "playchess.com"]
[Source "ChessBase"]
[SourceQuality "1"]
[TimeControl "40/5400+30:1800+30"]

1. Nf3 {[%emt 0:00:00]} d5 {[%emt 0:00:00]} 2. g3 {[%emt 0:00:00]} c6 {[%emt 0:00:01]} 3. Bg2 {[%emt 0:00:02]} Bg4 {[%emt 0:00:25]} 4. O-O {[%emt 0:00:18]} Nd7 {[%emt 0:00:27]} 5. d3 {[%emt 0:00:20]} Ngf6 {[%emt 0:01:16]} 6. Nbd2 {[%emt 0:00:25]} e6 {[%emt 0:00:08]} 7. h3 {[%emt 0:02:38]} Bh5 {[%emt 0:00:20]} 8. e4 {[%emt 0:00:22]} Be7 {[%emt 0:48:12]} 9. Qe2 {[%emt 0:00:48]} O-O {[%emt 0:03:39]} 10. e5 {[%emt 0:04:12]} Ne8 {[%emt 0:03:23]} 11. c3 {[%emt 0:00:23]} c5 {[%emt 0:00:36]} 12. Rd1 {[%emt 0:05:53]} Nc7 {[%emt 0:08:44]} 13. Nf1 {[%emt 0:01:37]} b5 {[%emt 0:00:50]} 14. Bf4 {[%emt 0:04:02]} a5 {[%emt 0:11:24]} 15. h4 {[%emt 0:15:13]} a4 {[%emt 0:04:04]} 16. N1h2 {[%emt 0:08:43]} Bg6 {[%emt 0:00:27]} 17. Ne1 {[%emt 0:02:45]} h6 {[%emt 0:01:20]} 18. h5 {[%emt 0:01:22]} Bh7 {[%emt 0:00:19]} 19. a3 {[%emt 0:06:54]} Bg5 {[%emt 0:03:17]} 20. Bxg5 {[%emt 0:05:45]} Qxg5 {[%emt 0:00:09]} 21. d4 {[%emt 0:00:37]} cxd4 {[%emt 0:06:14]} 22. cxd4 {[%emt 0:00:26]} Nb6 {[%emt 0:00:01]} 23. Ng4 {[%emt 0:02:03]} Kh8 {[%emt 0:01:02]} 24. Ne3 {[%emt 0:09:57]} Nc4 {[%emt 0:00:04]} 25. Rac1 {[%emt 0:00:28]} Rab8 {[%emt 0:01:09]} 26. Rc3 {[%emt 0:01:29]} Qe7 {[%emt 0:00:10]} 27. f4 {[%emt 0:05:49]} b4 {[%emt 0:00:26]} 28. axb4 {[%emt 0:00:44]} Nxe3 {[%emt 0:00:03]} 29. Qxe3 {[%emt 0:01:42]} Rxb4 {[%emt 0:00:25]} 30. Rd2 {[%emt 0:10:45]} Nb5 {[%emt 0:01:01]} 31. Rc1 {[%emt 0:01:09]} Rb3 {[%emt 0:00:53]} 32. Qf2 {[%emt 0:00:15]} Qb4 {[%emt 0:00:37]} 33. Nf3 {[%emt 0:03:01]} Be4 {[%emt 0:00:05]} 34. Nh4 {[%emt 0:00:14]} a3 {[%emt 0:01:13]} 35. bxa3 {[%emt 0:00:31]} Qxa3 {[%emt 0:00:01]} 36. Rc5 {[%emt 0:00:57]} Bxg2 {[%emt 0:01:03]} 37. Kxg2 {[%emt 0:05:35]} Nc3 {[%emt 0:00:19]} 38. Rxc3 {[%emt 0:00:55]} Rxc3 {[%emt 0:00:02]} 39. f5 {[%emt 0:00:38]} Rfc8 {[%emt 0:03:51]} 40. fxe6 {[%emt 0:00:00]} fxe6 {[%emt 0:00:00]} 41. Ng6+ {[%emt 0:00:54]} Kh7 {[%emt 0:02:51]} 42. Qf4 {[%emt 0:07:26]} Rc2 {[%emt 0:03:52]} 43. Rxc2 {[%emt 0:00:51]} Rxc2+ {[%emt 0:00:02]} 44. Kh3 {[%emt 0:00:23]} Qc1 {[%emt 0:11:09]} 45. Nf8+ {[%emt 0:06:55]} Kg8 {[%emt 0:00:16]} 46. Nxe6 {[%emt 0:00:09]} Qh1+ {[%emt 0:11:51]} 47. Kg4 {[%emt 0:00:07]} Qd1+ {[%emt 0:00:42]} 48. Qf3 {[%emt 0:00:18]} Qxf3+ {[%emt 0:01:19]} 49. Kxf3 {[%emt 0:00:08]} Rc3+ {[%emt 0:00:03]} 50. Kg4 {[%emt 0:05:26]} Rd3 {[%emt 0:01:17]} 51. Kf5 {[%emt 0:01:28]} Kf7 {[%emt 0:01:16]} 52. g4 {[%emt 0:00:57]} Ke7 {[%emt 0:02:48]} 53. Nxg7 {[%emt 0:01:36]} Rxd4 {[%emt 0:00:27]} 54. g5 {[%emt 0:04:34]} hxg5 {[%emt 0:00:39]} 55. h6 {[%emt 0:03:45]} Rh4 {[%emt 0:00:41]} 56. Kg6 {[%emt 0:03:10]} Ra4 {[%emt 0:00:31]} 57. Kxg5 {[%emt 0:00:40]} Ra8 {[%emt 0:00:32]} 58. h7 {[%emt 0:00:44]} Kf7 {[%emt 0:00:24]} 59. Kh6 {[%emt 0:00:22]} d4 {[%emt 0:00:34]} 60. e6+ {[%emt 0:00:26]} Kf6 {[%emt 0:00:29]} 61. Nh5+ {[%emt 0:00:38]} Kxe6 {[%emt 0:00:21]} 62. Kg7 {[%emt 0:00:05]} Kf5 {[%emt 0:00:42]} 63. Ng3+ {[%emt 0:00:19]} Kf4 {[%emt 0:00:29]} 64. Ne2+ {[%emt 0:00:14]} Kg5 {[%emt 0:00:20]} 65. h8=Q {[%emt 0:01:04]} Rxh8 {[%emt 0:00:02]} 66. Kxh8 {[%emt 0:00:09]} d3 {[%emt 0:00:07]} 67. Nc3 {[%emt 0:00:12]} Kf4 {[%emt 0:00:06]} 68. Kg7 {[%emt 0:00:11]} d2 {[%emt 0:00:07]} 1/2-1/2

[Event "Cairns Cup 2019"]
[Site "Saint Louis"]
[Date "2019.02.07"]
[Round "2.2"]
[White "Kosteniuk, Alexandra"]
[Black "Zatonskih, Anna"]
[Result "1/2-1/2"]
[WhiteElo "2532"]
[BlackElo "2428"]
[Annotator "TA"]
[PlyCount "82"]
[EventDate "2019.02.06"]
[EventType "tourn"]
[EventCountry "USA"]
[SourceTitle "playchess.com"]
[Source "ChessBase"]
[SourceQuality "1"]

{[%evp 12,82,27,15,14,0,13,16,21,5,13,0,-2,-9,0,-6,0,-22,0,0,0,-2,0,-40,-39,-86,-12,-88,-88,-83,-87,-100,-84,-77,-73,-81,-9,-9,0,-9,0,-46,-12,-14,-18,-21,-11,-105,-104,-124,-122,-121,-108,-222,-111,-129,-111,-120,-28,-25,13,-9,-10,-55,-57,-78,0,0,0,-74,0,0,0]} 1. e4 e5 2. Nf3 Nf6 3. Nxe5 d6 4. Nf3 Nxe4 5. c4 (5. d4 d5 6. Bd3 Be7 {1-0 (64) Wei,Y (2738)-Yu,Y (2753) Danzhou 2017}) 5... Be7 6. d4 d5 7. Bd3 Bb4+ {C42: Petroff Defence: 3 Nxe5 and unusual White 3rd moves} 8. Kf1 {Threatens to win with cxd5.} Be7 (8... O-O 9. a3 Be7 10. cxd5 Nf6 11. Nc3 Nbd7 12. h4 Nb6 13. Bg5 Nfxd5 14. Qc2 h6 15. Re1 {1-0 (64) Wei,Y (2738)-Yu,Y (2753) Danzhou 2017}) 9. cxd5 Nf6 $146 ({Predecessor:} 9... Qxd5 10. Qc2 Nf6 11. Qxc7 Nc6 12. Nc3 Qd7 13. Qxd7+ Bxd7 14. Be3 O-O 15. a3 {½-½ (25) Molnar,L (2250)-Antal,J (2165) Hungary 1995}) 10. Nc3 Nxd5 11. Nxd5 Qxd5 12. Qe2 Bf5 13. Bc4 Qe4 14. Be3 O-O 15. Ne5 {Bd3 is the strong threat.} Be6 16. Bd3 Qh4 17. Nf3 Qh5 18. Bf4 c6 (18... Nc6 $17) 19. Qe5 (19. h4 $11) 19... Qxe5 $17 20. dxe5 Nd7 21. Nd4 Nc5 22. Be2 Rfd8 23. Be3 Rd5 (23... Bd5 $17) 24. f4 $11 Rad8 25. Nxe6 Nxe6 26. Bf3 Rd3 27. Kf2 Bc5 $36 {[%mdl 2048] Black is more active.} 28. Bxc5 Nxc5 29. b3 (29. Rhd1 $11) 29... Ne6 $17 30. f5 {[#]} Rd2+ $1 31. Kg3 Nd4 32. Kf4 {[#]} (32. f6 $17 {keeps fighting.}) 32... g6 (32... Nc2 $1 $19 {And now ...R8d4+ would win.} 33. Rac1 R8d4+ 34. Kg3 Ne3) 33. fxg6 hxg6 34. h4 Nf5 (34... Kf8 $17 35. g4 Ke7) 35. h5 $11 Kg7 36. Kg5 Nd4 37. hxg6 fxg6 38. Kg4 Nf5 (38... Rd7 $17) 39. Kg5 Nd4 (39... a5 $11) 40. Kg4 $1 $17 Nf5 ({Black should try} 40... Nc2 $17 41. Rac1 Re8) 41. Kg5 $11 Nd4 {Accuracy: White = 52%, Black = 39%.} 1/2-1/2